000 00610nam a22002057a 4500
005 20250307090415.0
008 250307b |||||||| |||| 00| 0 eng d
020 _a9789358494099
040 _aIN-DiNC
_cIN-DiNC
041 _dasm
082 _a398.095416
_bUTT
245 _aUttar purbanchalar janagusthi:
_bsamaj sanskriti (v.1)/
_ced. by Arpana Konwar
250 _a1st ed.
260 _aDibrugarh:
_bBanalata,
_c2023.
300 _a499p.
650 _aSociety and culture of ethnic group of North East India
700 _aKonwar, Arpana
_eEditor
700 _aKonch, Hemanta
_eEditor
942 _2ddc
_cBK
999 _c12162
_d12162